000 00449nam a2200157 a 4500
001 000044354
005 20201002045320.0
008 140624s2003 bl a 000 0 spa d
040 _aDO-SdBNP
_bspa
_cBNPHU
082 _axxxxxx
_bxxxxxx
100 1 _aVon, Cristina
_972364
245 1 0 _aCultura de paz /
_cCristina Von.
260 _aSao Paulo :
_bPeirópolis
_bUNESCO,
_c2003.
300 _a149 p. :
_bil. ;
_c24 cm.
504 _aBibliografías : p. 145
999 _c43843
_d43843